Statystyki dla uczucia i emocje - j. włoski

Kliknij tutaj aby rozwiązać quiz!

Ogólne statystyki

  • Ten quiz został rozwiązany 38 razy
  • Średni wynik to 6 z 18

Statystyki odpowiedzi

po polskupo włosku% Poprawnych
szczęśliwyfelice
100%
smutnytriste
64%
dobrybuono
55%
złyarrabbiato
45%
złycattivo
45%
trudnydifficile
36%
razeminsieme
36%
martwymorto
36%
żywyvivo
36%
łatwyfacile
27%
spokojnycalmo
18%
samda solo
18%
znudzonyannoiato
9%
radośćgioia
9%
przykro mimi dispace
9%
nie martw sięnon preoccuparti
9%
zaskoczonysorpreso
9%
przestraszonysparentato
9%

Rozkład punktacji

Percentyl według liczby udzielonych odpowiedzi

Procent ludzi z każdym wynikiem

Twoja historia wyników

Nie rozwiązałeś tego quizu